Health care ethics and the law / (Record no. 52721)

MARC details
000 -LEADER
fixed length control field 00649nam a2200241Ia 4500
005 - DATE AND TIME OF LATEST TRANSACTION
control field 20260429112154.0
008 - FIXED-LENGTH DATA ELEMENTS--GENERAL INFORMATION
fixed length control field 260429s9999||||xx |||||||||||||| ||und||
020 ## - INTERNATIONAL STANDARD BOOK NUMBER
International Standard Book Number 9781284257779
041 ## - LANGUAGE CODE
Language English
082 ## - DEWEY DECIMAL CLASSIFICATION NUMBER
Classification number 344.730
Item number HAM
100 ## - MAIN ENTRY--PERSONAL NAME
Personal name Hammaker, Donna K.
245 #0 - TITLE STATEMENT
Title Health care ethics and the law /
Statement of responsibility, etc Donna K. Hammaker
250 ## - EDITION STATEMENT
Edition statement 2nd ed.
260 ## - PUBLICATION, DISTRIBUTION, ETC. (IMPRINT)
Place of publication, distribution, etc Burlington :
Name of publisher, distributor, etc Jones and Bartlett Learning,
Date of publication, distribution, etc 2024.
300 ## - PHYSICAL DESCRIPTION
Extent xxxvi, 411 p.; pbk
650 ## - SUBJECT ADDED ENTRY--TOPICAL TERM
Topical term or geographic name as entry element Health care
650 ## - SUBJECT ADDED ENTRY--TOPICAL TERM
Topical term or geographic name as entry element Law
650 ## - SUBJECT ADDED ENTRY--TOPICAL TERM
Topical term or geographic name as entry element Ethics
700 ## - ADDED ENTRY--PERSONAL NAME
Personal name Gomberg, Jonathan D.
700 ## - ADDED ENTRY--PERSONAL NAME
Personal name Knadig, Thomas M.
700 ## - ADDED ENTRY--PERSONAL NAME
Personal name Tobias, Blake J.
942 ## - ADDED ENTRY ELEMENTS (KOHA)
Koha item type Text Books
Holdings
Withdrawn status Lost status Damaged status Not for loan Collection code Home library Location Shelving location Date of Cataloging Source of acquisition Total Checkouts Full call number Barcode Date last seen Price effective from Koha item type
        Non-fiction CUTN Central Library CUTN Central Library Social Sciences 29/04/2026 Technical Bureau, New Delhi - Invoice No. TB3352 on 09-02-2026   344.730 HAM 57840 29/04/2026 29/04/2026 Text Books